000 00597cam a22002291 4500
001 sa 65000963
003 DLC
005 20260227112106.0
008 900116s1963 ii a 000 0 hino
010 _asa 65000963
035 _a(OCoLC)20908487
040 _aDLC
_cWaU
_dDLC
042 _apremarc
050 0 0 _aPK1931
_b.B27
110 2 _aBambaī Hindī Vidyāpīṭha.
245 1 0 _aRajata jayantī grantha.
260 _c[1963]
300 _a636 p.
_billus.
_c25 cm.
500 _aIn Hindi.
650 0 _aHindi language
_xSocieties, etc.
700 1 _aParadkar, Moreshwar Dinkar,
_d1925-
999 _c61838
_d61838